000 00420nam a22001457a 4500
005 20250203083815.0
008 250203b |||||||| |||| 00| 0 eng d
050 _aRC87
_b.G693
100 _aGrant, Harvey
245 _aEmergency Care/
_cHarvey Grant, Robert Murray
260 _aBowie, Maryland
_bRobert J. Brady Company
_c1971
300 _a334p.
_bill. some color
_c28cm
700 _aMurray, Robert
942 _2lcc
_cBK
_n0
999 _c3379
_d3379